[Event "ESP-ch U12"]
[Site "Salobrena"]
[Date "2021.07.05"]
[Round "2"]
[White "Garcia Amelibia, Emilio"]
[Black "Uber Gracia, Hugo"]
[Result "0-1"]
[WhiteElo "1383"]
[BlackElo "1791"]
[PlyCount "64"]
[EventDate "2021.07.05"]
[EventType "swiss"]
[EventRounds "9"]
[EventCountry "ESP"]
[SourceTitle "EXT 2022"]
[Source "ChessBase"]
[SourceDate "2021.10.06"]
[SourceVersion "1"]
[SourceVersionDate "2021.10.06"]
[SourceQuality "1"]

1. e4 e6 2. d3 d5 3. Nd2 c5 4. g3 Bd6 5. Bg2 Ne7 6. Ngf3 Nbc6 7. 0-0 0-0 8. Re1 Qc7 9. Qe2 f6 10. Nf1 d4 11. h4 e5 12. N1h2 Be6 13. Nd2 b5 14. a4 a6 15. Ndf3 Rfd8 16. Bd2 c4 17. axb5 axb5 18. Qf1 Bb4 19. Rxa8 Rxa8 20. Ra1 Rc8 21. Bxb4 Nxb4 22. Qe2 cxd3 23. cxd3 Qc2 24. Qxc2 Rxc2 25. Rb1 Nxd3 26. Bf1 Nb4 27. Bxb5 Ba2 28. Ra1 Rxb2 29. Nf1 Nc2 30. Rc1 Rxb5 31. Rxc2 Bb1 32. Re2 Bd3 0-1